000 01469nam a22004097a 4500
003 CHAP
005 20220329140158.0
008 971013s1995 r 00010 d
010 _a48156
011 _a49128
035 _a53276
040 _cCHAP
090 _aTesis
100 0 0 _aRobles Jiménez, Alfredo.
_998086
245 _aProtocolo para la ejecución del programa de certificación de derechos ejidales (PROCEDE)
260 _aChapingo, Méx. :
_bEl autor,
_c1995
300 _a86 h.
_b; anexos
502 _aTesis (Ing. Agr. Esp. en Fitotecnia) -- UACH. Departamento de Fitotecnia
590 _aALEPH
_b10
_c20130110
_lUCH01
_h1319
590 _aBATCH-UPD
_b10
_c20130109
_lUCH01
_h2333
590 _aBATCH-UPD
_b10
_c20130110
_lUCH01
_h0121
590 _aBATCH-UPD
_b10
_c20130110
_lUCH01
_h1834
590 _aBATCH-UPD
_b10
_c20130409
_lUCH01
_h1859
590 _aBATCH-UPD
_b10
_c20130410
_lUCH01
_h1206
590 _aBATCH-UPD
_b10
_c20130914
_lUCH01
_h1142
590 _aCONVERSION
_b10
_c20130109
_lUCH01
_h1326
650 1 4 _aDerecho agrario
_xHidalgo.
_931874
650 1 4 _aEjido El Cubo, Hgo.
_935890
650 1 4 _aEjidos
_xHidalgo.
_936017
650 1 4 _aReforma agraria
_xHidalgo.
_995551
650 1 4 _aTierras
_xTenencia
_xHidalgo.
_9113170
650 1 4 _aTierras
_xTítulos
_xRegistro y transferencia.
_9113218
901 _aBK
942 _cFOLL
949 _bBC
_cTES
_d-118244
_eTS1
_i53276
_si
949 _bBC
_cTES
_d33724000007373
_eTS2
_fc.2
_h28191
_i53276
_si
999 _c48156
_d48156